| 000 | 00434nam a2200181 a 4500 | ||
|---|---|---|---|
| 005 | 20140414132033.0 | ||
| 008 | 040128s19uu xx 00 eng d | ||
| 020 | _a0-590-03031-0 | ||
| 050 |
_aTR _bSN6 1962 |
||
| 100 | _aKeats, Ezra | ||
| 245 |
_aThe snowy day / _cEzra Jack Keats. |
||
| 260 |
_aU.S.A : _bScholastic, _c1962. |
||
| 300 | _ap. ; cm. | ||
| 999 |
_c113673 _d113673 |
||